header

Archaeology and women (Record no. 95322)

MARC details
000 -LEADER
fixed length control field 03505nam a22004454a 4500
082 04 - DEWEY DECIMAL CLASSIFICATION NUMBER
Classification number 930.1082
245 00 - TITLE STATEMENT
Title Archaeology and women
260 ## - PUBLICATION, DISTRIBUTION, ETC. (IMPRINT)
Place of publication Walnut Creek, Calif. :
Name of publisher Left Coast Press,
Year of publication c2007.
300 ## - PHYSICAL DESCRIPTION
Number of Pages 415 p. :
Other physical details ill., maps.
490 1# - SERIES STATEMENT
Series statement Publications of the Institute of Archaeology, University College London
650 #0 - SUBJECT ADDED ENTRY--TOPICAL TERM
Topical Term Social archaeology.
Topical Term Sex role
Topical Term Feminist archaeology.
Topical Term Women archaeologists.
Topical Term Women, Prehistoric.
700 1# - ADDED ENTRY--PERSONAL NAME
Personal name Hamilton, Sue,
Personal name Whitehouse, Ruth.
Personal name Wright, Katherine I.
856 40 - ELECTRONIC LOCATION AND ACCESS
Uniform Resource Identifier http://site.ebrary.com/lib/rucke/Doc?id=10397779

No items available.

© 2026 Rongo University
Contact us: librarian | system librarian | Rongo university